| 000 | 00613nam a2200253Ia 4500 | ||
|---|---|---|---|
| 005 | 20250425162325.0 | ||
| 008 | 250425s9999 xx 000 0 und d | ||
| 020 | _a8420531677 | ||
| 041 | _aspa | ||
| 043 | _asp | ||
| 082 | _a519.2 | ||
| 100 | _aPEREZ LOPEZ, CESAR | ||
| 245 | 0 | _aTECNICAS ESTADISTICAS CON SPSS | |
| 250 | _aS.E. | ||
| 260 |
_aEspaƱa _bPEARSON EDUCACION _c2003 |
||
| 260 | _aMADRID | ||
| 300 | _a571 | ||
| 650 | _aESTADISTICA MATEMATICA | ||
| 650 | _aSPSS PARA WINDOWS | ||
| 650 | _aTECNICAS ESTADISTICAS | ||
| 650 | _aVARIABLES ESTADISTICAS | ||
| 942 | _c01 | ||
| 010 | _a62268 | ||
| 999 |
_c226891 _d226891 |
||